Statistiques concernant Les 7 Merveilles du Monde (toutes catégories)

Cliquez ici pour prendre le quiz!

Statistiques générales

  • Ce quiz a été pris 2 372 fois
    (1 711 depuis la dernière actualisation)
  • Le résultat moyen est 16 sur 49

Statistiques - réponses

Type de quizPaysIndiceMerveille% Correct
Les 7 Merveilles du Monde AntiqueÉgyptePharaonPyramide de Khéops
93%
Les 7 Nouvelles Merveilles du MondeChineFrontièreGrande Muraille de Chine
84%
Les 7 Nouvelles Merveilles du MondeItalieArèneColisée
76%
Les 7 Nouvelles Merveilles du MondePérouIncaMachu Picchu
67%
Les 7 Nouvelles Merveilles de la NatureBolivie/Brésil/Colombie/France (Guyane)/Guyana/Pérou/Suriname/VenezuelaForêtAmazonie
66%
Les 7 Nouvelles Merveilles du MondeIndeMausoléeTaj Mahal
65%
Les 7 Merveilles du Monde Antique(Actuel) IrakVégétationJardins Suspendus de Babylone
64%
Les 7 Merveilles du Monde AntiqueÉgypteLumièrePhare d'Alexandrie
64%
Les 7 Nouvelles Merveilles du MondeBrésilReligionChrist Rédempteur
62%
Les 7 Nouvelles Merveilles du MondeJordanieVillePétra
59%
Les 7 Merveilles du Monde AntiqueGrèceHéliosColosse de Rhodes
55%
Les 7 Merveilles de la NatureChine/NépalMontagneEverest
55%
Les 7 Merveilles de la NatureAustralieAquatiqueGrande Barrière de Corail
52%
Les 7 Merveilles du Monde Sous-MarinAustralieVégétationGrande Barrière de Corail
52%
Les 7 Merveilles du Monde ModerneFrance/Royaume-UniFerroviaireTunnel sous la Manche
50%
Les 7 Merveilles du Monde AntiqueGrèceDieuStatue chryséléphantine de Zeus à Olympie
49%
Les 7 Merveilles de la NatureÉvénement nocturneAurores Polaires (Boréales et Australes)
45%
Les 7 Villes-MerveillesCubaCapitaleLa Havane
43%
Les 7 Merveilles du Monde Antique(Actuelle) TurquieDéesseTemple d'Artémis à Éphèse
42%
Les 7 Villes-MerveillesLibanCapitaleBeyrouth
39%
Les 7 Merveilles du Monde ModernePanamaCours d'eau artificielCanal de Panama
38%
Les 7 Merveilles du Monde ModerneÉtats-UnisPontPont du Golden Gate
38%
Les 7 Villes-MerveillesQatarCapitale/ModerneDoha
36%
Les 7 Merveilles de la NatureÉtats-UnisFailleGrand Canyon
36%
Les 7 Villes-MerveillesBolivieCapitale/AltitudeLa Paz
34%
Les 7 Villes-MerveillesMalaisieCapitaleKuala Lumpur
33%
Les 7 Merveilles du Monde Antique(Actuelle) TurquieReligionMausolée d'Halicarnasse
31%
Les 7 Nouvelles Merveilles du MondeMexiqueMayaChichén Itzá
28%
Les 7 Merveilles du Monde Sous-MarinBelizeVégétationBarrière de corail du Belize
27%
Les 7 Merveilles de la NatureZambie/ZimbabweCascadeChutes Victoria
27%
Les 7 Merveilles du Monde Sous-MarinArabie Saoudite/Djibouti/Égypte/Érythrée/Soudan/YémenÉtendue d'eauMer Rouge
22%
Les 7 Merveilles du Monde Sous-MarinRussieÉtendue d'eauLac Baïkal
18%
Les 7 Merveilles du Monde Sous-MarinÉquateurArchipelÎles Galapagos
17%
Les 7 Merveilles du Monde ModerneÉtats-UnisBureauEmpire State Building
15%
Les 7 Nouvelles Merveilles de la NatureArgentine/BrésilCascadeChutes d'Iguazú
12%
Les 7 Merveilles du Monde ModerneCanadaAntenneTour CN
11%
Les 7 Nouvelles Merveilles de la NatureViêt NamAquatiqueBaie de Hạ Long
8%
Les 7 Villes-MerveillesAfrique du SudPortuaireDurban
7%
Les 7 Nouvelles Merveilles de la NatureCorée du SudÎleÎle de Jeju
7%
Les 7 Nouvelles Merveilles de la NatureAfrique du SudMontagneMontagne de la Table
5%
Les 7 Nouvelles Merveilles de la NatureIndonésieÎleÎle de Komodo
3%
Les 7 Merveilles de la NatureBrésilÉtendue d'eauBaie de Guanabara
2%
Les 7 Merveilles du Monde ModerneBrésil/ParaguayHydroéléctriqueBarrage d'Itaipu
1%
Les 7 Merveilles du Monde Sous-MarinPas de pays particulier (évènement)CheminéeMont hydrothermal
1%
Les 7 Merveilles du Monde Sous-Marin[Réponse]PaysPalaos
1%
Les 7 Merveilles de la NatureMexiqueVolcanParicutín
1%
Les 7 Nouvelles Merveilles de la NaturePhilippinesGrotteParc National de la Rivière Souterraine de Puerto Princesa
0%
Les 7 Merveilles du Monde ModernePays-BasAnti-indondationsPlan Delta
0%
Les 7 Villes-MerveillesPhilippinesHistoire européano-asiatiqueVigan
0%

Distribution des résultats

Percentile par nombre de réponses

% des personnes avec chaque résultat

Votre développement - résultats

Vous n’avez pas pris ce quiz depuis la dernière actualisation